The complete guide to nonprofit management (Бичлэгийн дугаар. 146035)
| 000 -УДИРДЛАГА | |
|---|---|
| Удирдлага | 01123nam a22003137a 4500 |
| 003 - ХЯНАЛТЫН ТОО ТОДОРХОЙЛОГЧ | |
| Код | MN-UlNUM |
| 005 - БИЧИЛТ ХИЙСЭН ОГНОО | |
| Тухайн бичилтийг бичсэн засварласан сүүлийн огноо | 20251231090946.0 |
| 008 - ЕРӨНХИЙ МЭДЭЭЛЭЛ | |
| Ерөнхий мэдээлэл | 251231s1994 nyuab||| |||| 001 0 eng | |
| 020 ## - ISBN | |
| ISBN | 0471309559 |
| -- | 0471309532 |
| 040 ## - БИЧЛЭГ ҮҮСГЭГЧ БАЙГУУЛЛАГА | |
| Бичлэг үүсгэгч номын сангийн код | МУИС-ийн номын сан |
| 084 ## - ББК АНГИЛАЛ | |
| Нэмэлт тусгалт | Бусад |
| ББК ангилал | 65.290-2 |
| Зохиогчийн гурван тэмдэгт | C 73 |
| Мэдлэгийн ялгаа | 65 - Эдийн засаг |
| 245 04 - ҮНДСЭН ГАРЧИГ | |
| Номын нэр | The complete guide to nonprofit management |
| Оролцогчдын тухай мэдээ | Smith, Bucklin & Associates ; edited by Robert H. Wilbur, Susan Kudla Finn, and Carolyn M. Freeland |
| 260 ## - ГАРАЛТЫН МЭДЭЭ | |
| Хэвлэгдсэн газар | New York : |
| Хэвлэлийн газар | Wiley, |
| Хэвлэгдсэн он | 1994. |
| 300 ## - МАТЕРИАЛЫН ТОДОРХОЙЛОЛТ | |
| хуудасны тоо | xxiii, 326 p. : |
| Бусад тоон мэдээлэл | ill. ; |
| Хэмжээ | 24 cm. |
| 500 ## - Тайлбар | |
| Дансны дугаар | БС 4786 |
| 546 ## - ХЭЛНИЙ ТУХАЙ МЭДЭЭ | |
| Хэл | Англи хэл дээр, |
| 653 ## - Түлхүүр үг | |
| Түлхүүр үг | nonprofit organizations |
| 653 ## - Түлхүүр үг | |
| Түлхүүр үг | management |
| 700 1# - ХАМ ЗОХИОГЧИД | |
| Ба бус | Wilbur, Robert H. |
| Fuller form of name | (Robert Hunter) |
| 700 1# - ХАМ ЗОХИОГЧИД | |
| Ба бус | Finn, Susan Kudla. |
| 700 1# - ХАМ ЗОХИОГЧИД | |
| Ба бус | Freeland, Carolyn M. |
| 740 ## - НОМЫН ГАРЧИГ | |
| Гарчиг | Establishing the Organization's Direction |
| 740 ## - НОМЫН ГАРЧИГ | |
| Гарчиг | Working Together: Maximizing Board and Staff Effectiveness |
| 740 ## - НОМЫН ГАРЧИГ | |
| Гарчиг | Raising Money to Achieve Your Goals |
| 740 ## - НОМЫН ГАРЧИГ | |
| Гарчиг | Creating a Marketing Orientation in the Nonprofit Organization |
| 942 ## - ЭЛЕМЕНТИЙН ТӨРӨЛ | |
| Зүйлийн төрөл | Ном |
